[Event "SVK-ch U12"]
[Site "Liptovsky Mikulas"]
[Date "2018.04.24"]
[Round "6"]
[White "Alusik, Richard"]
[Black "Pivoda, Szabolcs"]
[Result "1/2-1/2"]
[WhiteElo "1125"]
[BlackElo "1020"]
[PlyCount "58"]
[EventDate "2018.04.21"]
[EventType "swiss"]
[EventRounds "9"]
[EventCountry "SVK"]
[SourceTitle "CBM 184 Extra"]
[Source "ChessBase"]
[SourceDate "2018.06.28"]
[SourceVersion "1"]
[SourceVersionDate "2018.06.28"]
[SourceQuality "1"]

1. e4 e5 2. Nf3 Nc6 3. Bc4 Nf6 4. Nc3 Bc5 5. 0-0 d6 6. h3 Be6 7. d3 a6 8. Bg5 b5 9. Bb3 Rb8 10. a3 a5 11. a4 b4 12. Nd5 Nd4 13. Bc4 b3 14. cxb3 c6 15. Nxd4 Bxd4 16. Ne3 d5 17. Ba6 Rb6 18. Qf3 Rxa6 19. Rac1 Rb6 20. exd5 cxd5 21. Ng4 Bxg4 22. Qxg4 Nxg4 23. Bxd8 Kxd8 24. hxg4 Re8 25. Rc2 e4 26. dxe4 dxe4 27. Rd1 Rd6 28. Rdc1 Ke7 29. Rc7+ Rd7 1/2-1/2